Криминальные банкротства в системе преступлений в сфере экономической деятельности: проблемы квалификации, эффективная реализация уголовной ответственности, назначение справедливого наказания и оптимальное их предупреждение (Запись № 3180602)

Подробности
000 -МАРКЕР
контрольное поле 03619nam0a2200433 i 4500
001 - ИДЕНТИФИКАТОР ЗАПИСИ
контрольное поле RU\NLR\bibl\1921894
005 - ИДЕНТИФИКАТОР ВЕРСИИ
контрольное поле 20260406020004.0
010 ## - МЕЖДУНАРОДНЫЙ СТАНДАРТНЫЙ НОМЕР КНИГИ (ISBN)
Номер (ISBN) 9785890167743
Тираж 500
021 ## - НОМЕР ГОСУДАРСТВЕННОЙ РЕГИСТРАЦИИ
Код страны российская федерация
Номер 2012-44762
Номер Листа государственной регистраци 3293
035 ## - ДРУГИЕ СИСТЕМНЫЕ НОМЕРА
Идентификатор записи (nilc)RSL-KNO-005452549
035 ## - ДРУГИЕ СИСТЕМНЫЕ НОМЕРА
Идентификатор записи (NLR Aleph) 001911348
100 ## - ДАННЫЕ ОБЩЕЙ ОБРАБОТКИ
Данные общей обработки 20120625d2011 u y0rusy50 ca
101 0# - ЯЗЫК РЕСУРСА
Язык текста, звукозаписи и т.д. русский
102 ## - СТРАНА ПУБЛИКАЦИИ ИЛИ ПРОИЗВОДСТВА
Страна публикации российская федерация
105 ## - ПОЛЕ КОДИРОВАННЫХ ДАННЫХ: ТЕКСТОВЫЕ МАТЕРИАЛЫ, МОНОГРАФИЧЕСКИЕ
Кодированные данные о монографическом текстовом документе y |||||||||
200 1# - ЗАГЛАВИЕ И СВЕДЕНИЯ ОБ ОТВЕТСТВЕННОСТИ
Основное заглавие Криминальные банкротства в системе преступлений в сфере экономической деятельности: проблемы квалификации, эффективная реализация уголовной ответственности, назначение справедливого наказания и оптимальное их предупреждение
Параллельное заглавие Criminal bankruptcy in the system of crimes in economic activity: the problems of qualification, efficient implementation of criminal responsibility, determination of a jast punishment and their optimal prevention
Сведения, относящиеся к заглавию учебное пособие для студентов обучающихся по специальности 030501.65, 030900.62, 030900.68 "Юриспруденция"
Первые сведения об ответственности М. Ю. Дворецкий, А. В. Макаров, А. Н. Копырюлин
Последующие сведения об ответственности М-во образования и науки Российской Федерации, Федеральное гос. бюджетное образовательное учреждение высш. проф. образования "Тамбовский гос. ун-т им. Г. Р. Державина"
Язык параллельного заглавия английский
210 ## - ПУБЛИКАЦИЯ, РАСПРОСТРАНЕНИЕ И ДР.
Место издания, распространения и т.д. Тамбов
Имя издателя, распространителя и т. д. Изд-во ТГУ
Дата издания, распространения и т.д. 2011
215 ## - ФИЗИЧЕСКАЯ ХАРАКТЕРИСТИКА
Специфическое обозначение материала и объем 171 с.
Размеры 20
300 ## - ОБЩИЕ ПРИМЕЧАНИЯ
Текст примечания Авт. также на англ. яз.: M.Yu. Dvoretsky, A.V. Makarov, A.N. Kopyryulin
320 ## - ПРИМЕЧАНИЯ О НАЛИЧИИ В ДОКУМЕНТЕ БИБЛИОГРАФИИ / УКАЗАТЕЛЯ
Текст примечания Библиогр.: с. 101-108 (81 назв.) и в подстроч. примеч.
510 1# - ПАРАЛЛЕЛЬНОЕ ЗАГЛАВИЕ
Связь между полями z22790
Параллельное заглавие Criminal bankruptcy in the system of crimes in economic activity: the problems of qualification, efficient implementation of criminal responsibility, determination of a jast punishment and their optimal prevention
Язык заглавия английский
606 1# - НАИМЕНОВАНИЕ ТЕМЫ КАК ПРЕДМЕТ
Наименование темы Банкротство злостное
Формальный подзаголовок Учебные издания
Тематический подзаголовок Квалификация
Географический подзаголовок Российская Федерация
Системный номер авторитетной/нормативной записи 2529845
Идентификатор авторитетной/нормативной записи RU\NLR\auth\661498536
606 1# - НАИМЕНОВАНИЕ ТЕМЫ КАК ПРЕДМЕТ
Наименование темы Банкротство злостное
Формальный подзаголовок Учебные издания
Тематический подзаголовок Предупреждение
Географический подзаголовок Российская Федерация
Системный номер авторитетной/нормативной записи 2475935
Идентификатор авторитетной/нормативной записи RU\NLR\auth\661470156
606 1# - НАИМЕНОВАНИЕ ТЕМЫ КАК ПРЕДМЕТ
Наименование темы Банкротство злостное
Формальный подзаголовок Учебные издания
Тематический подзаголовок Уголовная ответственность
Географический подзаголовок Российская Федерация
Системный номер авторитетной/нормативной записи 2195663
Идентификатор авторитетной/нормативной записи RU\NLR\auth\661319642
686 ## - ИНДЕКСЫ ДРУГИХ КЛАССИФИКАЦИЙ
Индекс Х628.111.6я73-1
Код системы
686 ## - ИНДЕКСЫ ДРУГИХ КЛАССИФИКАЦИЙ
Индекс Х628.111.605я7
686 ## - ИНДЕКСЫ ДРУГИХ КЛАССИФИКАЦИЙ
Индекс Х628.322.16я7
686 ## - ИНДЕКСЫ ДРУГИХ КЛАССИФИКАЦИЙ
Индекс Х628.111.6я7
700 #1 - ИМЯ ЛИЦА - ПЕРВИЧНАЯ ОТВЕТСТВЕННОСТЬ
Код отношения Автор
Материалы, к которым относится поле rus
Графика поля Кириллица
Начальный элемент ввода Дворецкий
Часть имени, кроме начального элемента ввода М. Ю.
Дополнения к именам, кроме дат канд. юрид. наук
Даты 1966-
Расширение инициалов личного имени Михаил Юрьевич
Идентификатор авторитетной/нормативной записи RU\NLR\auth\7740257
Системный номер авторитетной/нормативной записи 23209
701 #1 - ИМЯ ЛИЦА - АЛЬТЕРНАТИВНАЯ ОТВЕТСТВЕННОСТЬ
Код отношения Автор
Материалы, к которым относится поле rus
Графика поля Кириллица
Начальный элемент ввода Макаров
Часть имени, кроме начального элемента ввода А. В.
Дополнения к именам, кроме дат юрист, криминалист
Расширение инициалов личного имени Алексей Владимирович
Идентификатор авторитетной/нормативной записи RU\NLR\auth\77121466
Системный номер авторитетной/нормативной записи 104391
701 #1 - ИМЯ ЛИЦА - АЛЬТЕРНАТИВНАЯ ОТВЕТСТВЕННОСТЬ
Код отношения Автор
Материалы, к которым относится поле rus
Графика поля Кириллица
Начальный элемент ввода Копырюлин
Часть имени, кроме начального элемента ввода А. Н.
Расширение инициалов личного имени Алексей Николаевич
Идентификатор авторитетной/нормативной записи RU\NLR\auth\7767926
Системный номер авторитетной/нормативной записи 50854
790 #1 - ИМЯ ЛИЦА - АЛЬТЕРНАТИВНАЯ ФОРМА
Код отношения Автор
Материалы, к которым относится поле rus
Графика поля Латинская
Начальный элемент ввода Dvoreckij
Часть имени, кроме начального элемента ввода M. Ju.
Дополнения к именам, кроме дат канд. юрид. наук
Даты 1966-
Расширение инициалов личного имени Michail Jur'evič
Идентификатор авторитетной/нормативной записи RU\NLR\auth\7740263
Системный номер авторитетной/нормативной записи 23215
801 #0 - ИСТОЧНИК ЗАПИСИ
Страна российская федерация
Организация RuMoRKP
Дата составления 20120625
Правила каталогизации rcr
801 #1 - ИСТОЧНИК ЗАПИСИ
Страна российская федерация
Организация РГБ
Дата составления 20120625
801 #2 - ИСТОЧНИК ЗАПИСИ
Страна российская федерация
Организация NLR
Дата составления 20120705
Правила каталогизации rcr
942 ## - ДОПОЛНИТЕЛЬНЫЕ ЭЛЕМЕНТЫ ЗАПИСИ (АБИС)
Тип экземпляра АБИС Книга
980 ## - КОЛЛЕКЦИЯ
Название коллекции НБР

Нет доступных экземпляров.